Textbook on criminology /

Detalles Bibliográficos
Autor Principal: Williams, Katherine S.
Formato: Libro
Idioma:English
Publicado: Oxford ; New York ; New Delhi : Oxford University Press, 2002 [reprinted].
Edición:Fourth edition.
Subjects:
Classic Catalogue: View this record in Classic Catalogue
LEADER 01504nam a2200277 a 4500
001 0020122
003 BD-DhAAL
008 100420r2002 enk b 001 0 eng d
020 |a 0195664841 
040 |a EQO  |c EQO  |d MDY  |d UKM  |d DLC  |d BD-DhAAL 
082 0 4 |a 364.942  |2 21 
100 1 |a Williams, Katherine S.  |9 59016 
245 1 0 |a Textbook on criminology /  |c Katherine S. Williams. 
250 |a Fourth edition. 
260 |a Oxford ;  |a New York ;  |a New Delhi :  |b Oxford University Press,  |c 2002 [reprinted]. 
300 |a ix, 572 p. ;  |c 24 cm 
504 |a Includes bibliographical references and index. 
526 |a SOL  |x K. Shamsuddin Mahmood Professor and Dean School of Law BRAC University 
541 1 |e 0020122  |a Anupam Gyan Bhandar 
650 0 |a Criminology  |z England.  |9 59017 
650 0 |a Criminology  |z Wales.  |9 59018 
852 4 |a Ayesha Abed Library  |c General Stacks 
942 |2 ddc  |c BK 
999 |c 8169  |d 8169 
952 |0 0  |1 0  |2 ddc  |4 0  |6 364_942000000000000_WIL_2002  |7 0  |9 9322  |a BRACUL  |b BRACUL  |c GEN  |d 2010-04-20  |e Anupam Gyan Bhandar  |g 990.00  |l 8  |m 37  |o 364.942 WIL  |p 3010020122  |r 2022-04-07  |s 2021-06-27  |t 1  |v 1980.00  |w 2010-04-20  |y BK  |x Requisitioned by K. Shamsuddin Mahmood, Professor and Dean, School of Law, BRAC University 
952 |0 0  |1 0  |2 ddc  |4 0  |6 364_942000000000000_WIL_2002  |7 0  |9 9379  |a BRACUL  |b BRACUL  |c GEN  |d 2010-04-22  |e Anupam Gyan Bhandar  |g 990.00  |l 7  |m 41  |o 364.942 WIL  |p 3010020123  |r 2019-12-24  |s 2019-10-14  |t 2  |v 1980.00  |w 2010-04-22  |y BK  |x Requisitioned by K. Shamsuddin Mahmood, Professor and Dean, School of Law, BRAC University